[Event "Porto op"]
[Site "Porto"]
[Date "2015.07.13"]
[Round "1"]
[White "Conejero Sanchez, Alvaro"]
[Black "Alshameary Puente, Ismael"]
[Result "0-1"]
[WhiteElo "2008"]
[BlackElo "2366"]
[PlyCount "80"]
[EventDate "2015.07.13"]
[EventType "swiss"]
[EventRounds "9"]
[EventCountry "POR"]
[SourceTitle "CBM 167 Extra"]
[Source "ChessBase"]
[SourceDate "2015.09.14"]
[SourceVersion "1"]
[SourceVersionDate "2015.09.14"]
[SourceQuality "1"]

1. e4 c5 2. Nf3 d6 3. d4 cxd4 4. Nxd4 Nf6 5. Nc3 a6 6. Bg5 e6 7. f4 h6 8. Bh4 Be7 9. Bxf6 Bxf6 10. Qd2 g5 11. f5 Nc6 12. Nxc6 bxc6 13. fxe6 Bxe6 14. Be2 Be5 15. g3 h5 16. a3 h4 17. 0-0-0 Rb8 18. Na4 Qf6 19. c4 hxg3 20. hxg3 Rxh1 21. Rxh1 Bxg3 22. Kb1 Bf4 23. Qa5 Qd4 24. Nc3 Bd2 25. Ka1 g4 26. e5 Bxc3 27. bxc3 Qb6 28. Qb4 Qxb4 29. cxb4 Ke7 30. exd6+ Kxd6 31. Kb2 f5 32. Kc3 Ke5 33. c5 g3 34. Rg1 f4 35. Bf3 Bd5 36. Re1+ Kf5 37. Bxd5 cxd5 38. Kd4 g2 39. Kxd5 Rd8+ 40. Kc6 f3 0-1

[Event "ESP-ch U16"]
[Site "Padron"]
[Date "2008.07.24"]
[Round "8"]
[White "Conejero Sanchez, Alvaro"]
[Black "Anaya Lopez, Gonzalo Javier"]
[Result "1/2-1/2"]
[WhiteElo "1975"]
[BlackElo "1851"]
[PlyCount "53"]
[EventDate "2008.07.20"]
[EventType "swiss"]
[EventRounds "9"]
[EventCountry "ESP"]
[SourceTitle "EXT 2010"]
[Source "ChessBase"]
[SourceDate "2010.11.25"]
[SourceVersion "1"]
[SourceVersionDate "2010.11.25"]
[SourceQuality "1"]

1. e4 e6 2. d4 d5 3. Nc3 Nf6 4. e5 Nfd7 5. f4 c5 6. Nf3 Nc6 7. Be3 cxd4 8. Nxd4 Bc5 9. Qd2 a6 10. Be2 Nxd4 11. Bxd4 Bxd4 12. Qxd4 Qb6 13. 0-0-0 Qxd4 14. Rxd4 0-0 15. g4 f6 16. exf6 Nxf6 17. g5 Ne8 18. Bg4 Nc7 19. Re1 Bd7 20. f5 exf5 21. Bf3 Bc6 22. Re7 Rf7 23. Re5 Rd8 24. Nxd5 Bxd5 25. Bxd5 Nxd5 26. Rdxd5 Rxd5 27. Rxd5 1/2-1/2

[Event "ESP-ch U16"]
[Site "Padron"]
[Date "2008.07.22"]
[Round "5"]
[White "Herrera Delgado, Alejandro"]
[Black "Conejero Sanchez, Alvaro"]
[Result "1-0"]
[WhiteElo "2204"]
[BlackElo "1975"]
[PlyCount "95"]
[EventDate "2008.07.20"]
[EventType "swiss"]
[EventRounds "9"]
[EventCountry "ESP"]
[SourceTitle "EXT 2010"]
[Source "ChessBase"]
[SourceDate "2010.11.25"]
[SourceVersion "1"]
[SourceVersionDate "2010.11.25"]
[SourceQuality "1"]

1. e4 e6 2. d4 d5 3. Nc3 Nf6 4. Bg5 Be7 5. e5 Nfd7 6. h4 h6 7. Be3 c5 8. Qg4 g6 9. f4 cxd4 10. Bxd4 Nc6 11. Nf3 h5 12. Qh3 Nxd4 13. Nxd4 Qb6 14. 0-0-0 Nc5 15. Bb5+ Bd7 16. b4 Bxb5 17. bxc5 Qxc5 18. Ncxb5 a6 19. Nd6+ Bxd6 20. exd6 Qxd6 21. Qe3 0-0-0 22. Rd3 Rd7 23. Qe5 Rhd8 24. Nf3 Rc7 25. Qxd6 Rxd6 26. Ne5 Rb6 27. Rb3 Rd6 28. Rd1 f6 29. Nxg6 Rg7 30. f5 e5 31. g3 d4 32. Re1 Rc7 33. Kb2 Rdc6 34. Re2 b5 35. Nf8 Kb7 36. Ne6 Rd7 37. Re4 Rc4 38. Rd3 a5 39. g4 hxg4 40. Rxg4 b4 41. h5 Rc8 42. h6 Kc6 43. Rh3 Rh8 44. Rg6 Kd5 45. Rxf6 e4 46. Rf8 Rdh7 47. Rxh8 Rxh8 48. Nf4+ 1-0

[Event "ESP-ch U16"]
[Site "Padron"]
[Date "2008.07.20"]
[Round "1"]
[White "Conejero Sanchez, Alvaro"]
[Black "Crespo Ramos, Maria"]
[Result "1-0"]
[WhiteElo "1975"]
[BlackElo "1560"]
[PlyCount "69"]
[EventDate "2008.07.20"]
[EventType "swiss"]
[EventRounds "9"]
[EventCountry "ESP"]
[SourceTitle "EXT 2010"]
[Source "ChessBase"]
[SourceDate "2010.11.25"]
[SourceVersion "1"]
[SourceVersionDate "2010.11.25"]
[SourceQuality "1"]

1. e4 c5 2. Nf3 e6 3. d4 cxd4 4. Nxd4 Nf6 5. f3 Nc6 6. Nc3 Bb4 7. Ndb5 d5 8. a3 Bxc3+ 9. Nxc3 0-0 10. Bg5 d4 11. Ne2 Qa5+ 12. Qd2 Qxd2+ 13. Kxd2 Nd7 14. Nc1 e5 15. g4 b6 16. Bb5 Bb7 17. Nd3 a6 18. Bc4 b5 19. Ba2 Rac8 20. b4 Nd8 21. Bb3 Ne6 22. Bh4 Rc3 23. Bg3 Kh8 24. Bxe5 Nxe5 25. Nxe5 Ng5 26. Rhf1 f6 27. Nd3 Re8 28. Rae1 Nxe4+ 29. fxe4 Rxe4 30. Nc5 Rxe1 31. Rxe1 g6 32. Nxb7 Rh3 33. Nd6 Rxh2+ 34. Kd3 Rf2 35. Re8+ 1-0